000 00578nam a2200217 4500
003 DO-SdBNP
005 20180212110237.0
008 161205b 1993 sp a ||||| |||| 00| 0 spa d
020 _a8434837978
040 _aBPMSU
_bspa
_cBPMSU
100 _aCorté, José Luis
245 _aUn culete independiente /
_cJosé Luis Cortés
250 _a4a. ed.
260 _aMadrid :
_bCesma,
_c1993
300 _a22 p. :
_bil. :
_c20 cm
490 0 _aLos piratas
_v1
830 0 _aLos piratas
942 _2ddc
_cBK
945 _aInventariado, 2018/ YL
956 _adgarcia
999 _c12251
_d12251